00333nam a2200157Ia 4500008004100000082001500041100001500056245001800071260000800089260000600097300000600103600001500109630001800124700001500142730001800157151202s9999||||xx |||||||||||||| ||und|| bPNVM-29432 aDOYLE A.C. ahis last bow. b--- c0 a0 aDOYLE A.C. ahis last bow. aDOYLE A.C. ahis last bow.